Risk management in stochastic integer programming : with application to dispersed power generation /
| Main Author: | |
|---|---|
| Corporate Author: | |
| Format: | Thesis eBook |
| Language: | English |
| Published: |
Wiesbaden :
Vieweg + Teubner,
2008.
|
| Edition: | 1. ed. |
| Series: | Vieweg+Teubner research.
Wissenschaft (Braunschweig, Germany) |
| Subjects: | |
| Online Access: | Connect to the full text of this electronic book Inhaltsverzeichnis |
MARC
| Tag | First Indicator | Second Indicator | Subfields |
|---|---|---|---|
| LEADER | 00000cam a2200000Ia 4500 | ||
| 001 | in00002470521 | ||
| 005 | 20210817090421.0 | ||
| 006 | m d | ||
| 007 | cr cn||||||||| | ||
| 008 | 081217s2008 gw sm 000 0 eng d | ||
| 020 | |a 3834895369 | ||
| 020 | |a 9783834895363 | ||
| 035 | |a (OCoLC)288468505 | ||
| 035 | |a (OCoLC)ocn288468505 | ||
| 037 | |a 978-3-8348-0547-8 |b Springer |n http://www.springerlink.com | ||
| 040 | |a GW5XE |b eng |c GW5XE |d UtOrBLW | ||
| 049 | |a TEFA | ||
| 082 | 0 | 4 | |a 519.77 |2 22 |
| 100 | 1 | |a Neise, Frederike, |e author. | |
| 245 | 1 | 0 | |a Risk management in stochastic integer programming : |b with application to dispersed power generation / |c Frederike Neise. |
| 250 | |a 1. ed. | ||
| 264 | 1 | |a Wiesbaden : |b Vieweg + Teubner, |c 2008. | |
| 300 | |a VIII, 105 S. : |b graph. Darst. ; |c 21 cm | ||
| 336 | |a text |b txt |2 rdacontent | ||
| 337 | |a computer |b c |2 rdamedia | ||
| 338 | |a online resource |b cr |2 rdacarrier | ||
| 490 | 1 | |a Vieweg + Teubner research | |
| 490 | 1 | |a Wissenschaft | |
| 500 | |a Electronic resource. | ||
| 502 | |c Zugl.: Duisburg, Essen, Univ., Diss. |d 2008 | ||
| 533 | |a Electronic reproduction. |b New York : |c Springer, |d 2008. |n Mode of access: World Wide Web. |n System requirements: Web browser. |n Title from title screen (viewed on Dec. 15, 2008). |n Access may be restricted to users at subscribing institutions. | ||
| 650 | 0 | 7 | |a Ganzzahlige Optimierung. |2 swd |
| 650 | 0 | 7 | |a Risikomanagement. |2 swd |
| 655 | 7 | |a Electronic books. |2 local | |
| 710 | 2 | |a SpringerLink (Online service) |0 http://id.loc.gov/authorities/names/no2005046756 | |
| 776 | 1 | |c Original |z 9783834805478 |z 3834805475 |w (OCoLC)244627357 | |
| 830 | 0 | |a Vieweg+Teubner research. |0 http://id.loc.gov/authorities/names/no2009147288 | |
| 830 | 0 | |a Wissenschaft (Braunschweig, Germany) |0 http://id.loc.gov/authorities/names/n83827862 | |
| 856 | 4 | 0 | |u http://proxy.library.tamu.edu/login?url=https://dx.doi.org/10.1007/978-3-8348-9536-3 |z Connect to the full text of this electronic book |t 0 |
| 856 | 4 | 2 | |u http://d-nb.info/988665875/04 |3 Inhaltsverzeichnis |t 0 |
| 994 | |a C0 |b TEF | ||
| 999 | |a MARS | ||
| 999 | f | f | |s 06b18a6d-c456-34ee-b2f5-c1082ebefb2f |i e306af5f-237e-33fb-9cf1-b9c953e23f06 |t 0 |
| 952 | f | f | |a Texas A&M University |b College Station |c Electronic Resources |d Available Online |t 0 |h No information provided |
| 998 | f | f | |t 0 |l Available Online |